000 00371nam a2200157Ia 4500
008 230917s9999||||xx |||||||||||||| ||und||
020 _cRS37.5
040 _e26936
_aMAIN
041 _aEnglish
082 _a942 M698E
100 _aMittal, A K
245 0 _aEngland ka itihas 1485-1945
260 _aMeerut
_bMeenakshi
_c1982
300 _aviii, 595 p.
942 _cBK
999 _c229792
_d229792